Hạt giống của rồng

Saved in:
Bibliographic Details
Main Author: PEARL S BUCK
Format: Book
Language:Undetermined
Published: Văn nghệ Tp HCM 2001
Tags: Add Tag
No Tags, Be the first to tag this record!
Institutions: Trung tâm Học liệu Trường Đại học Cần Thơ
LEADER 00420nam a2200145Ia 4500
001 CTU_49050
008 210402s9999 xx 000 0 und d
082 |a 813.52 
082 |b B922g 
100 |a PEARL S BUCK 
245 0 |a Hạt giống của rồng 
245 0 |c PEARL S BUCK, Văn Hòa, Nhất Anh 
260 |b Văn nghệ Tp HCM 
260 |c 2001 
980 |a Trung tâm Học liệu Trường Đại học Cần Thơ